[Event "SR 1. liga zapad 2013/2014"]
[Site "?"]
[Date "2014.03.22"]
[Round "56.5"]
[White "Pinter, Patrik"]
[Black "Krajnak, Robert"]
[Result "1/2-1/2"]
[WhiteElo "2162"]
[BlackElo "2045"]
[PlyCount "95"]
[EventDate "2013.??.??"]
[WhiteTeam "SK Prievidza"]
[BlackTeam "SK Doprastav Bratislava B"]

1. e4 c5 2. Nf3 e6 3. Nc3 a6 4. Be2 Nc6 5. O-O d6 6. d4 cxd4 7. Nxd4 Nf6 8. Kh1
Be7 9. f4 Qc7 10. Bf3 O-O 11. g4 Nd7 12. a4 Nxd4 13. Qxd4 Bf6 14. Qd3 Nc5 15.
Qc4 Bd7 16. Be3 Rac8 17. a5 Qb8 18. Qb4 Be7 19. g5 Rfe8 20. Qd4 Bc6 21. Rf2 Bf8
22. b4 Nd7 23. Rd1 g6 24. Ne2 Ba4 25. h4 Rxc2 26. h5 e5 27. Qa1 Rxe2 28. Bxe2
Bxd1 29. Qxd1 exf4 30. Rxf4 Ne5 31. Qd5 Qc8 32. Kg2 Qc6 33. hxg6 hxg6 34. Qxc6
Nxc6 35. b5 axb5 36. Bxb5 Re5 37. Bc4 Rxg5+ 38. Kf1 Rxa5 39. Bxf7+ Kg7 40. Bd5
Ne5 41. Bd4 Rxd5 42. exd5 Be7 43. Rf2 Bf6 44. Rc2 Nd7 45. Rc7 Bxd4 46. Rxd7+
Kf6 47. Rxd6+ Ke5 48. Rxg6 1/2-1/2

[Event "SR 1. liga zapad 2013/2014"]
[Site "?"]
[Date "2014.03.22"]
[Round "57.1"]
[White "Zatko, Gregor"]
[Black "Pagerka, Martin"]
[Result "0-1"]
[WhiteElo "2188"]
[BlackElo "2224"]
[PlyCount "68"]
[EventDate "2013.??.??"]
[WhiteTeam "SK Levice"]
[BlackTeam "SK Osuske"]

1. e4 c5 2. Nf3 d6 3. Bb5+ Nd7 4. O-O Ngf6 5. Re1 e6 6. d4 cxd4 7. Qxd4 Be7 8.
Nc3 O-O 9. b3 Qc7 10. Bb2 Ne5 11. Be2 Bd7 12. Rad1 Rfc8 13. h3 a6 14. Qe3 b5
15. a3 Nxf3+ 16. Bxf3 e5 17. Rd2 Qc5 18. Qe2 a5 19. Bg4 Nxg4 20. hxg4 b4 21.
Rd5 Qc7 22. axb4 axb4 23. Nd1 Bc6 24. Rd2 Bg5 25. Ne3 Bxe4 26. Nd5 Bxd5 27.
Rxd5 Ra2 28. Bxe5 dxe5 29. Rxe5 h6 30. Qd3 Ra1 31. Qf5 Rxe1+ 32. Rxe1 g6 33.
Qb5 Qxc2 34. Qxb4 Bd2 0-1

[Event "SR 1. liga zapad 2013/2014"]
[Site "?"]
[Date "2014.03.22"]
[Round "57.2"]
[White "Gasa, Andrej"]
[Black "Kalisky, Vladimir"]
[Result "1-0"]
[WhiteElo "2308"]
[BlackElo "2186"]
[PlyCount "71"]
[EventDate "2013.??.??"]
[WhiteTeam "SK Osuske"]
[BlackTeam "SK Levice"]

1. d4 d5 2. c4 c5 3. cxd5 Qxd5 4. Nf3 cxd4 5. Nc3 Qa5 6. Nxd4 Nf6 7. Nb3 Qc7 8.
e4 a6 9. Be3 e5 10. Rc1 Bb4 11. Nd2 Qd8 12. Qa4+ Nc6 13. Bb5 axb5 14. Qxa8 O-O
15. O-O Nd4 16. Bxd4 exd4 17. Ncb1 Nd7 18. Nf3 Nb6 19. Qa7 Bg4 20. Nbd2 Nc4 21.
Nxc4 Bxf3 22. gxf3 bxc4 23. Rfd1 d3 24. Rxc4 Bd6 25. Qe3 Qf6 26. Qxd3 Qg5+ 27.
Kf1 Bxh2 28. Qd7 b5 29. Rc8 g6 30. Rxf8+ Kxf8 31. Qd8+ Qxd8 32. Rxd8+ Ke7 33.
Rd5 b4 34. Rb5 Bd6 35. e5 Bc7 36. f4 1-0

[Event "SR 1. liga zapad 2013/2014"]
[Site "?"]
[Date "2014.03.22"]
[Round "57.3"]
[White "Hudoba, Ondrej"]
[Black "Jozefek, Michal"]
[Result "1-0"]
[WhiteElo "2155"]
[BlackElo "2168"]
[PlyCount "37"]
[EventDate "2013.??.??"]
[WhiteTeam "SK Levice"]
[BlackTeam "SK Osuske"]

1. e4 c5 2. Nf3 Nc6 3. Bb5 g6 4. O-O Bg7 5. c3 Qb6 6. Na3 d6 7. d4 Bd7 8. Be3
Nf6 9. Qa4 Ng4 10. dxc5 Qa5 11. Qxa5 Nxa5 12. cxd6 Nxe3 13. fxe3 exd6 14. Rad1
Bh6 15. Bxd7+ Kxd7 16. e5 Bxe3+ 17. Kh1 Rhe8 18. b4 Nc6 19. Nc4 1-0

[Event "SR 1. liga zapad 2013/2014"]
[Site "?"]
[Date "2014.03.22"]
[Round "57.4"]
[White "Bury, Rastislav"]
[Black "Chlpik, Martin"]
[Result "0-1"]
[WhiteElo "2120"]
[BlackElo "2077"]
[PlyCount "82"]
[EventDate "2013.??.??"]
[WhiteTeam "SK Osuske"]
[BlackTeam "SK Levice"]

1. Nf3 g6 2. g3 Bg7 3. Bg2 Nc6 4. d4 d6 5. O-O e5 6. dxe5 dxe5 7. Nc3 Nge7 8.
Nb5 a6 9. Qxd8+ Kxd8 10. Rd1+ Bd7 11. Bh3 f5 12. Na3 Kc8 13. e4 Nd4 14. Nxd4
exd4 15. c3 dxc3 16. bxc3 Bxc3 17. Rb1 Be6 18. Bg5 Re8 19. Rd3 Be5 20. Re1 Nc6
21. exf5 Bxf5 22. Bxf5+ gxf5 23. Nc4 b5 24. Nd2 Kb7 25. Rd7 Rh8 26. Nf3 Bd6 27.
Re6 Bc5 28. Bf4 Bb6 29. Rf6 Rad8 30. Rg7 Rd1+ 31. Kg2 Ra1 32. Rff7 Rxa2 33.
Bxc7 Rxf2+ 34. Kh3 Rxf3 35. Bd8+ Ka8 36. Bxb6 b4 37. Rc7 Rc3 38. Rgd7 b3 39.
Ba5 Rc2 40. Bd2 Re8 41. Rd6 b2 0-1

[Event "SR 1. liga zapad 2013/2014"]
[Site "?"]
[Date "2014.03.22"]
[Round "57.5"]
[White "Bencik, Pavol"]
[Black "Kimerling, Martin"]
[Result "0-1"]
[WhiteElo "2023"]
[BlackElo "2109"]
[PlyCount "64"]
[EventDate "2013.??.??"]
[WhiteTeam "SK Levice"]
[BlackTeam "SK Osuske"]

1. e4 g6 2. d4 Bg7 3. Bg5 c5 4. Nf3 cxd4 5. Bc4 Nc6 6. Nbd2 h6 7. Bh4 d6 8. O-O
Qc7 9. Bg3 Nf6 10. Nh4 Na5 11. Bd3 O-O 12. f4 Ng4 13. h3 Ne3 14. Qe2 Nxf1 15.
Rxf1 Bd7 16. f5 g5 17. Nhf3 Nc6 18. h4 g4 19. Nh2 h5 20. Nxg4 hxg4 21. Qxg4 Ne5
22. Qh5 Nxd3 23. Nf3 f6 24. Ng5 fxg5 25. hxg5 Be8 26. g6 Rf6 27. cxd3 Bxg6 28.
fxg6 Rxf1+ 29. Kxf1 Qc1+ 30. Ke2 Qe3+ 31. Kd1 Qxd3+ 32. Ke1 Qxg3+ 0-1

[Event "SR 1. liga zapad 2013/2014"]
[Site "?"]
[Date "2014.03.22"]
[Round "57.6"]
[White "Jablonicky, Martin"]
[Black "Svonavec, Stefan"]
[Result "1-0"]
[WhiteElo "1967"]
[BlackElo "2020"]
[PlyCount "95"]
[EventDate "2013.??.??"]
[WhiteTeam "SK Osuske"]
[BlackTeam "SK Levice"]

1. e4 e6 2. Qe2 c5 3. g3 Nc6 4. Nf3 g6 5. Bg2 Bg7 6. O-O d6 7. c3 Nge7 8. Na3
O-O 9. Nc2 Qc7 10. d4 Bd7 11. Bf4 e5 12. dxe5 dxe5 13. Bc1 Rad8 14. Ne3 Bc8 15.
b3 h6 16. Ba3 b6 17. Rac1 Qb8 18. Rfd1 Be6 19. Rxd8 Rxd8 20. Rd1 a5 21. Rxd8+
Qxd8 22. Qd2 Qxd2 23. Nxd2 a4 24. bxa4 Bxa2 25. Nec4 Nc8 26. Bh3 N6a7 27. Kf1
h5 28. Ke2 f6 29. Be6+ Kh7 30. Bd7 Bh6 31. Kd3 Bxd2 32. Nxd2 Nd6 33. c4 f5 34.
f3 Kg7 35. a5 bxa5 36. Bxc5 fxe4+ 37. fxe4 Nac8 38. Kc3 Bxc4 39. Bxc8 Nxc8 40.
Nxc4 Kf6 41. Nxa5 g5 42. Kc4 Ke6 43. h3 g4 44. h4 Nd6+ 45. Bxd6 Kxd6 46. Nb7+
Kc6 47. Nc5 Kd6 48. Nd3 1-0

[Event "SR 1. liga zapad 2013/2014"]
[Site "?"]
[Date "2014.03.22"]
[Round "57.7"]
[White "Nikel, Rastislav"]
[Black "Jablonicky, Frantisek"]
[Result "1/2-1/2"]
[WhiteElo "2018"]
[BlackElo "2146"]
[PlyCount "38"]
[EventDate "2013.??.??"]
[WhiteTeam "SK Levice"]
[BlackTeam "SK Osuske"]

1. e4 c6 2. d4 d5 3. exd5 cxd5 4. c4 Nf6 5. Nc3 Nc6 6. Nf3 e6 7. Bg5 Be7 8. c5
O-O 9. Bb5 Bd7 10. O-O Rc8 11. Bxc6 Bxc6 12. b4 Ne4 13. Bxe7 Qxe7 14. Qd3 Nxc3
15. Qxc3 Ba4 16. Rfe1 Rce8 17. Ne5 f6 18. Nd3 a6 19. Nb2 Qd7 1/2-1/2

[Event "SR 1. liga zapad 2013/2014"]
[Site "?"]
[Date "2014.03.22"]
[Round "58.1"]
[White "Bagi, Mate"]
[Black "Likavsky, Tomas"]
[Result "0-1"]
[WhiteElo "2368"]
[BlackElo "2453"]
[Annotator "rastík"]
[PlyCount "65"]
[EventDate "2013.??.??"]
[WhiteTeam "KSC Komarno"]
[BlackTeam "Lokomotiva Trnava"]

1. e4 c5 2. Nf3 d6 3. Bb5+ Nd7 4. d4 cxd4 5. Qxd4 a6 6. Bxd7+ Bxd7 7. c4 b5 8.
Na3 e5 9. Qd3 Nf6 10. Bg5 Qa5+ 11. Nd2 Nh5 12. Qe2 g6 13. O-O h6 14. Be3 Be7
15. Rfd1 Nf6 16. f3 Rc8 17. Nb3 Qa4 18. cxb5 axb5 19. Qd2 g5 20. Nc2 g4 21. Nb4
gxf3 22. gxf3 Rc4 23. Nd5 Rg8+ 24. Kh1 Nxd5 25. exd5 Bf5 26. Rg1 Rxg1+ 27. Rxg1
Rc2 28. Rg8+ Kd7 29. Qa5 Qxa5 30. Nxa5 e4 31. f4 Re2 32. Bb6 e3 33. Ba7 0-1

[Event "SR 1. liga zapad 2013/2014"]
[Site "?"]
[Date "2014.03.22"]
[Round "58.2"]
[White "Lanc, Alois"]
[Black "Janko, Zoltan"]
[Result "1-0"]
[WhiteElo "2355"]
[BlackElo "2269"]
[Annotator "rastík"]
[PlyCount "59"]
[EventDate "2013.??.??"]
[WhiteTeam "Lokomotiva Trnava"]
[BlackTeam "KSC Komarno"]

1. e4 c5 2. Nf3 Nc6 3. Bb5 e6 4. Bxc6 bxc6 5. d3 d6 6. O-O e5 7. h3 g6 8. Nc3
Bg7 9. Nh2 Ne7 10. f4 exf4 11. Bxf4 O-O 12. Qe1 c4 13. Kh1 cxd3 14. cxd3 Rb8
15. Rb1 Be6 16. b3 f5 17. Ne2 Rb5 18. Nf3 fxe4 19. dxe4 Ra5 20. a4 Rh5 21. Bh2
Qd7 22. Nf4 Rc5 23. Qg3 Rc3 24. Nxe6 Qxe6 25. Qxd6 Qxe4 26. Rbe1 Re3 27. Rxe3
Qxe3 28. Re1 Qxb3 29. Rxe7 Rxf3 30. gxf3 1-0

[Event "SR 1. liga zapad 2013/2014"]
[Site "?"]
[Date "2014.03.22"]
[Round "58.3"]
[White "Szegi, Tamas"]
[Black "Banas, Jan"]
[Result "1/2-1/2"]
[WhiteElo "2233"]
[BlackElo "2293"]
[Annotator "rastík"]
[PlyCount "50"]
[EventDate "2013.??.??"]
[WhiteTeam "KSC Komarno"]
[BlackTeam "Lokomotiva Trnava"]

1. e4 c5 2. Nf3 d6 3. c3 Nf6 4. Be2 g6 5. O-O Bg7 6. Re1 O-O 7. d3 Nc6 8. Bg5
h6 9. Bh4 e5 10. Nbd2 g5 11. Bg3 Nh5 12. Nc4 Nxg3 13. hxg3 Be6 14. Ne3 Ne7 15.
g4 d5 16. Nf5 Nxf5 17. gxf5 Bd7 18. g4 Bc6 19. Nd2 dxe4 20. Nxe4 c4 21. Bf1
cxd3 22. Bxd3 Qe7 23. Qe2 Rfd8 24. Rad1 Rd7 25. Rd2 Rad8 1/2-1/2

[Event "SR 1. liga zapad 2013/2014"]
[Site "?"]
[Date "2014.03.22"]
[Round "58.4"]
[White "Vass, Frantisek"]
[Black "Szilard, Ladislav"]
[Result "1-0"]
[WhiteElo "2283"]
[BlackElo "2127"]
[Annotator "rastík"]
[PlyCount "57"]
[EventDate "2013.??.??"]
[WhiteTeam "Lokomotiva Trnava"]
[BlackTeam "KSC Komarno"]

1. d4 d5 2. Nf3 Nf6 3. Bg5 e6 4. e3 Be7 5. Nbd2 O-O 6. Bd3 c5 7. c3 cxd4 8.
exd4 Nc6 9. O-O a6 10. Re1 h6 11. Bh4 b5 12. Rc1 Bb7 13. Bb1 Rc8 14. Qe2 b4 15.
Qd3 g6 16. Rxe6 Ne4 17. Nxe4 fxe6 18. Nc5 Qe8 19. Nxb7 Rc7 20. Bxe7 Rxe7 21.
Qxa6 Qc8 22. Nc5 Qxa6 23. Nxa6 bxc3 24. Rxc3 Nb8 25. Nc5 Nc6 26. Bxg6 Rg7 27.
Nxe6 Rxg6 28. Nxf8 Kxf8 29. Ne5 1-0

[Event "SR 1. liga zapad 2013/2014"]
[Site "?"]
[Date "2014.03.22"]
[Round "58.5"]
[White "Baranek, Jozef"]
[Black "Lukac, Roman"]
[Result "1/2-1/2"]
[WhiteElo "2152"]
[BlackElo "2110"]
[Annotator "rastík"]
[PlyCount "49"]
[EventDate "2013.??.??"]
[WhiteTeam "KSC Komarno"]
[BlackTeam "Lokomotiva Trnava"]

1. g3 d5 2. c4 c6 3. Bg2 Nf6 4. Qc2 Bg4 5. h3 Bh5 6. Nf3 Nbd7 7. d3 e6 8. Nbd2
Bd6 9. O-O O-O 10. b3 Rc8 11. Bb2 Bb8 12. e4 e5 13. Rac1 d4 14. c5 b5 15. cxb6
axb6 16. a4 Re8 17. Ba3 h6 18. Nh4 Nf8 19. Bxf8 Rxf8 20. Nf5 Re8 21. b4 Nd7 22.
Nb3 f6 23. Ra1 Bf7 24. a5 c5 25. Rfc1 1/2-1/2

[Event "SR 1. liga zapad 2013/2014"]
[Site "?"]
[Date "2014.03.22"]
[Round "58.6"]
[White "Miklas, Marian"]
[Black "Voros, Gellert"]
[Result "1/2-1/2"]
[WhiteElo "2102"]
[BlackElo "2038"]
[Annotator "rastík"]
[PlyCount "62"]
[EventDate "2013.??.??"]
[WhiteTeam "Lokomotiva Trnava"]
[BlackTeam "KSC Komarno"]

1. Nf3 d5 2. c4 c6 3. g3 Nf6 4. Qc2 e6 5. Bg2 Bd6 6. d4 O-O 7. O-O Nbd7 8. Nbd2
e5 9. dxe5 Nxe5 10. cxd5 cxd5 11. Nxe5 Bxe5 12. Nf3 Bd6 13. Be3 Bg4 14. Bd4 Ne4
15. Rfd1 Qe7 16. Qb3 Be6 17. Rac1 a6 18. Ne1 Rac8 19. Nd3 f5 20. e3 Kh8 21. Nf4
Rxc1 22. Rxc1 Bg8 23. Qb6 Re8 24. Nd3 Qd7 25. a4 Bb8 26. b4 Re6 27. Qa5 Rc6 28.
b5 Rxc1+ 29. Nxc1 axb5 30. Bxe4 dxe4 31. axb5 Be5 1/2-1/2

[Event "SR 1. liga zapad 2013/2014"]
[Site "?"]
[Date "2014.03.22"]
[Round "58.7"]
[White "Goth, Gabriel"]
[Black "Liptak, Dusan"]
[Result "1/2-1/2"]
[WhiteElo "2038"]
[BlackElo "2108"]
[Annotator "rastík"]
[PlyCount "45"]
[EventDate "2013.??.??"]
[WhiteTeam "KSC Komarno"]
[BlackTeam "Lokomotiva Trnava"]

1. e4 c5 2. Nf3 d6 3. d4 cxd4 4. Nxd4 Nf6 5. Nc3 g6 6. f4 Nfd7 7. Be3 Bg7 8.
Qd2 a6 9. O-O-O b5 10. Nd5 Bb7 11. f5 Nc5 12. Bd3 Nbd7 13. h4 Rc8 14. Kb1 Bxd5
15. exd5 Nf6 16. Nc6 Qd7 17. Bxc5 dxc5 18. c4 bxc4 19. Bxc4 Ne4 20. Qf4 Qb7 21.
Ne5 Nd6 22. g4 Rf8 23. Nd3 1/2-1/2

[Event "SR 1. liga zapad 2013/2014"]
[Site "?"]
[Date "2014.03.22"]
[Round "58.8"]
[White "Puskar, Peter"]
[Black "Molnar, Erno"]
[Result "1/2-1/2"]
[WhiteElo "2063"]
[BlackElo "2002"]
[Annotator "rastík"]
[PlyCount "59"]
[EventDate "2013.??.??"]
[WhiteTeam "Lokomotiva Trnava"]
[BlackTeam "KSC Komarno"]

1. d4 d5 2. c4 e6 3. Nf3 Nf6 4. Bg5 Be7 5. e3 Nbd7 6. Nc3 O-O 7. Bd3 c6 8. O-O
Re8 9. Rc1 Nf8 10. Ne5 Ng6 11. f4 dxc4 12. Bxc4 Nd5 13. Bxe7 Qxe7 14. Qd2 Rd8
15. Nxg6 hxg6 16. Bxd5 exd5 17. Nd1 Bg4 18. Nf2 Bf5 19. Rc3 Re8 20. g4 Be4 21.
Nxe4 Qxe4 22. Qg2 Qe7 23. g5 Qd7 24. h4 Re4 25. Rf3 Rae8 26. Qh3 Qxh3 27. Rxh3
f5 28. Kf2 Kf7 29. h5 gxh5 30. Rxh5 1/2-1/2

[Event "SR 1. liga zapad 2013/2014"]
[Site "?"]
[Date "2014.03.22"]
[Round "59.1"]
[White "Federic, Jozef"]
[Black "Bombek, Peter"]
[Result "1/2-1/2"]
[WhiteElo "2269"]
[BlackElo "2219"]
[PlyCount "188"]
[EventDate "2013.??.??"]
[WhiteTeam "SK Modra"]
[BlackTeam "SKS Dubnica n/Vahom B"]

1. d4 d5 2. Nf3 Nf6 3. c4 e6 4. g3 Be7 5. Bg2 O-O 6. O-O dxc4 7. Qc2 a6 8. a4
Nc6 9. Qxc4 Qd5 10. Qxd5 exd5 11. Bf4 Bg4 12. Bxc7 Bxf3 13. Bxf3 Nxd4 14. Nd2
Bb4 15. Be5 Nxf3+ 16. Nxf3 Ne4 17. Rfd1 f6 18. Bd4 Rac8 19. Kf1 Rc2 20. Rac1
Rfc8 21. Rxc2 Rxc2 22. Ne1 Bxe1 23. Kxe1 Kf7 24. f3 Nd6 25. b3 Nf5 26. g4 Ne7
27. Rd3 Nc6 28. Kd1 Ra2 29. Bc3 Ke6 30. h4 b5 31. axb5 axb5 32. h5 b4 33. Bd4
Kd6 34. Be3 Ke5 35. Bc1 d4 36. Rd2 Rxd2+ 37. Bxd2 g6 38. Kc2 gxh5 39. gxh5 Kd5
40. Bh6 f5 41. Bf8 Ke6 42. Kd3 Kd5 43. Kc2 Ke6 44. Bh6 Kd5 45. Bf4 Nd8 46. Bg5
Nc6 47. Bh4 Ne5 48. Kd2 Nc6 49. Bg5 Na5 50. Kc2 Nc6 51. Bd2 Kc5 52. Bf4 Kd5 53.
Bc7 Ne7 54. Kd3 Nc6 55. Bb6 Ne5+ 56. Kd2 Nd7 57. Ba5 Kc5 58. Bd8 Kd5 59. Kc2
Nc5 60. Ba5 Ne6 61. Bxb4 Nf4 62. Kd2 Nxh5 63. Bf8 Nf4 64. Bg7 h5 65. Bf6 Ne6
66. e3 dxe3+ 67. Kxe3 Kc5 68. Be7+ Kd5 69. b4 Kc4 70. Bd6 Kd5 71. Bg3 Kc4 72.
Be1 Kd5 73. Bd2 Kc4 74. Kf2 h4 75. Kg2 Nd4 76. f4 Kd3 77. Be1 Ke4 78. Bxh4 Kxf4
79. Bf2 Nb5 80. Bc5 Ke4 81. Kf2 f4 82. Kg2 f3+ 83. Kg3 Nc7 84. Kf2 Ne6 85. Be3
Nc7 86. Bc5 Nb5 87. Kg3 Nc3 88. Kf2 Nd1+ 89. Ke1 Nb2 90. Kf2 Nd3+ 91. Kf1 Kd5
92. Kg1 Kc4 93. Kf1 Kc3 94. Be7 Kc4 1/2-1/2

[Event "SR 1. liga zapad 2013/2014"]
[Site "?"]
[Date "2014.03.22"]
[Round "59.3"]
[White "Machata, Martin"]
[Black "Podoba, Milan"]
[Result "1/2-1/2"]
[WhiteElo "2241"]
[BlackElo "2132"]
[PlyCount "102"]
[EventDate "2013.??.??"]
[WhiteTeam "SK Modra"]
[BlackTeam "SKS Dubnica n/Vahom B"]

1. d4 d5 2. Bf4 Nf6 3. e3 Bf5 4. c4 e6 5. Nc3 c6 6. Qb3 Qb6 7. c5 Qxb3 8. axb3
Nbd7 9. b4 Nh5 10. b5 Nxf4 11. exf4 Be7 12. b4 O-O 13. bxc6 bxc6 14. Nf3 Bf6
15. Ne5 Nxe5 16. fxe5 Bg5 17. g3 Rfb8 18. f4 Bd8 19. b5 cxb5 20. Bxb5 a6 21.
Bc6 Ra7 22. Nb5 Re7 23. Nd6 Ba5+ 24. Rxa5 Rb1+ 25. Kf2 Rxh1 26. Rxa6 g6 27.
Ra8+ Kg7 28. Ne8+ Kh6 29. Nf6 Rc7 30. h4 Rxc6 31. Rh8 Kg7 32. Rxh7+ Kf8 33.
Rh8+ Kg7 34. Rg8+ Kh6 35. g4 Bxg4 36. Ne8 Kh7 37. Nf6+ Kh6 38. Nxg4+ Kh5 39.
Nf6+ Kh6 40. Rh8+ Kg7 41. Rh7+ Kf8 42. h5 gxh5 43. Kg2 Rh4 44. Kg3 Rh1 45. Kg2
Rh4 46. Kg3 Rh1 47. Rh8+ Kg7 48. Rg8+ Kh6 49. Rh8+ Kg6 50. Rg8+ Kh6 51. Rh8+
Kg6 1/2-1/2

[Event "SR 1. liga zapad 2013/2014"]
[Site "?"]
[Date "2014.03.22"]
[Round "59.5"]
[White "Federic, Pavol"]
[Black "Orgon, Dusan"]
[Result "0-1"]
[WhiteElo "2172"]
[BlackElo "2089"]
[PlyCount "70"]
[EventDate "2013.??.??"]
[WhiteTeam "SK Modra"]
[BlackTeam "SKS Dubnica n/Vahom B"]

1. e4 e6 2. d4 d5 3. exd5 exd5 4. c4 Nf6 5. Nc3 c6 6. Nf3 Bd6 7. Bg5 Be6 8.
cxd5 Bxd5 9. Nxd5 cxd5 10. Bb5+ Nc6 11. O-O O-O 12. Bxc6 bxc6 13. Rc1 h6 14.
Bxf6 Qxf6 15. Rxc6 Bxh2+ 16. Kxh2 Qxc6 17. Ne5 Qd6 18. g3 Rac8 19. Kg2 Rc7 20.
Re1 Rfc8 21. Qf3 Re7 22. Re3 f6 23. Ng6 Rxe3 24. Qxe3 Kf7 25. Nf4 g5 26. Nh5
Qe6 27. Qb3 Qe4+ 28. Kh2 Re8 29. f3 Qe2+ 30. Kh3 Qf1+ 31. Kg4 Qc4 32. Qb7+ Re7
33. Qa8 Qxd4+ 34. Kh3 f5 35. f4 Qd1 0-1

[Event "SR 1. liga zapad 2013/2014"]
[Site "?"]
[Date "2014.03.22"]
[Round "59.6"]
[White "Pupak, Tomas"]
[Black "Mydlarik, Martin"]
[Result "1/2-1/2"]
[WhiteElo "2016"]
[BlackElo "2112"]
[PlyCount "95"]
[EventDate "2013.??.??"]
[WhiteTeam "SKS Dubnica n/Vahom B"]
[BlackTeam "SK Modra"]

1. d4 Nf6 2. Nf3 e6 3. e3 b6 4. Bd3 Bb7 5. O-O c5 6. b3 Nc6 7. Bb2 d5 8. Nbd2
Bd6 9. a3 O-O 10. Ne5 Qe7 11. f4 g6 12. Qe2 Nd7 13. Ndf3 f5 14. Nxd7 Qxd7 15.
g3 Rac8 16. Rac1 Na5 17. dxc5 bxc5 18. Qd2 Nc6 19. c4 h6 20. Be2 d4 21. Rcd1
Rfd8 22. exd4 Nxd4 23. Nxd4 cxd4 24. Bf3 Be4 25. Kg2 e5 26. fxe5 Bxe5 27. Qxh6
Rc6 28. Qg5 Bg7 29. Qf4 Re6 30. Rd2 Qe7 31. h4 Bf6 32. Qh6 Bg7 33. Qg5 Bxf3+
34. Rxf3 Qf8 35. Rdf2 Bh6 36. Rxf5 Bxg5 37. Rxf8+ Rxf8 38. hxg5 Rxf2+ 39. Kxf2
d3 40. Bc3 Re2+ 41. Kf3 Kf7 42. b4 Ke6 43. b5 Ra2 44. Ke3 Rg2 45. Kxd3 Rxg3+
46. Kd2 Kd6 47. Bb4+ Kc7 48. Be7 1/2-1/2

[Event "SR 1. liga zapad 2013/2014"]
[Site "?"]
[Date "2014.03.22"]
[Round "59.7"]
[White "Hlubovic, Michal"]
[Black "Prasek, Ivan"]
[Result "0-1"]
[WhiteElo "1782"]
[BlackElo "1950"]
[PlyCount "60"]
[EventDate "2013.??.??"]
[WhiteTeam "SK Modra"]
[BlackTeam "SKS Dubnica n/Vahom B"]

1. Nf3 Nf6 2. g3 g6 3. Bg2 Bg7 4. d3 d6 5. O-O O-O 6. e4 c5 7. Re1 Nc6 8. Nbd2
Rb8 9. h3 b5 10. a3 a5 11. c3 Bd7 12. Kh2 a4 13. e5 Nxe5 14. Nxe5 dxe5 15. Rxe5
Ng4+ 16. hxg4 Bxe5 17. Ne4 Qc8 18. f3 b4 19. axb4 cxb4 20. d4 Bg7 21. Nc5 a3
22. Qe1 axb2 23. Bxb2 bxc3 24. Bxc3 Bc6 25. Ra7 e6 26. g5 Rd8 27. Qe3 Ra8 28.
Rxa8 Qxa8 29. d5 Bxc3 30. Qxc3 Bxd5 0-1

[Event "SR 1. liga zapad 2013/2014"]
[Site "?"]
[Date "2014.03.22"]
[Round "60.1"]
[White "Smolen, Jan"]
[Black "Jakubek, Peter"]
[Result "1-0"]
[WhiteElo "2384"]
[BlackElo "2140"]
[Annotator "rastík"]
[PlyCount "69"]
[EventDate "2013.??.??"]
[WhiteTeam "SK Strelec Devinska Nova Ves"]
[BlackTeam "SKS Povazska Bystrica"]

1. Nf3 d5 2. c4 c6 3. d4 Nf6 4. e3 g6 5. Nc3 Bg7 6. Be2 O-O 7. O-O a6 8. Ne5 b5
9. cxd5 cxd5 10. Qb3 e6 11. Bd2 Nfd7 12. Nxd7 Nxd7 13. a4 bxa4 14. Nxa4 Rb8 15.
Qa3 e5 16. dxe5 Nxe5 17. Bc3 Qh4 18. Qd6 Bg4 19. Bxg4 Rbd8 20. Qxa6 Nxg4 21. h3
Ra8 22. Qb5 Bxc3 23. bxc3 Nf6 24. Nc5 Rab8 25. Qd3 Rfc8 26. Qd4 Qg5 27. Ra5 Rb2
28. Na4 Ra2 29. c4 Qf5 30. e4 Nxe4 31. Rxd5 Rd2 32. Qe3 Rxd5 33. cxd5 Rc2 34.
Nb6 Qe5 35. Nd7 1-0

[Event "SR 1. liga zapad 2013/2014"]
[Site "?"]
[Date "2014.03.22"]
[Round "60.2"]
[White "Obona, Jan"]
[Black "Peitl, Tomas"]
[Result "1-0"]
[WhiteElo "2140"]
[BlackElo "2207"]
[Annotator "rastík"]
[PlyCount "65"]
[EventDate "2013.??.??"]
[WhiteTeam "SKS Povazska Bystrica"]
[BlackTeam "SK Strelec Devinska Nova Ves"]

1. Nf3 Nf6 2. c4 c6 3. g3 d5 4. b3 Nbd7 5. Bb2 Qb6 6. Qc2 e6 7. Bg2 Be7 8. O-O
a5 9. d3 O-O 10. Nc3 Qa6 11. e4 dxe4 12. dxe4 e5 13. Nd1 Bd6 14. Ne3 Re8 15.
Nf5 Bc5 16. Rad1 a4 17. Nd6 Re7 18. Bh3 Bxd6 19. Rxd6 Qa5 20. Rfd1 Nf8 21. Bxc8
Rxc8 22. Nxe5 Rce8 23. Bc3 Qb6 24. Rxf6 Rxe5 25. Bxe5 Rxe5 26. Rfd6 h5 27. Kg2
Ne6 28. f4 Ra5 29. f5 Nc5 30. Rd8+ Kh7 31. Qe2 g6 32. fxg6+ fxg6 33. Qf2 1-0

[Event "SR 1. liga zapad 2013/2014"]
[Site "?"]
[Date "2014.03.22"]
[Round "60.3"]
[White "Sosovicka, Juraj"]
[Black "Skrabakova, Katarina"]
[Result "1/2-1/2"]
[WhiteElo "2188"]
[BlackElo "1969"]
[Annotator "rastík"]
[PlyCount "49"]
[EventDate "2013.??.??"]
[WhiteTeam "SK Strelec Devinska Nova Ves"]
[BlackTeam "SKS Povazska Bystrica"]

1. e4 e6 2. d4 d5 3. Nd2 dxe4 4. Nxe4 Nd7 5. Nf3 Ngf6 6. Nxf6+ Nxf6 7. Bd3 c5
8. Be3 Qc7 9. c3 a6 10. dxc5 Bxc5 11. Qe2 O-O 12. O-O b6 13. Bxc5 Qxc5 14. Nd2
Bb7 15. Ne4 Nxe4 16. Bxe4 Bxe4 17. Qxe4 Rfd8 18. Rfd1 h6 19. g3 Rac8 20. Qb7 a5
21. a4 Rb8 22. Qa6 Ra8 23. Qe2 Qc7 24. Qe4 Rac8 25. Rac1 1/2-1/2

[Event "SR 1. liga zapad 2013/2014"]
[Site "?"]
[Date "2014.03.22"]
[Round "60.4"]
[White "Budaj, Peter"]
[Black "Kolesar, Milan"]
[Result "0-1"]
[WhiteElo "2062"]
[BlackElo "2161"]
[Annotator "rastík"]
[PlyCount "74"]
[EventDate "2013.??.??"]
[WhiteTeam "SKS Povazska Bystrica"]
[BlackTeam "SK Strelec Devinska Nova Ves"]

1. Nf3 Nf6 2. g3 d5 3. Bg2 c6 4. O-O Bf5 5. d3 h6 6. Nbd2 e6 7. Re1 Be7 8. b3
O-O 9. Bb2 Bh7 10. c4 a5 11. a3 Nbd7 12. Bc3 Qb6 13. Qc2 Bc5 14. e3 Rfd8 15.
Bf1 Be7 16. Qb2 Nc5 17. Ne5 Qc7 18. d4 Nce4 19. Bd3 Nxc3 20. Bxh7+ Nxh7 21.
Qxc3 Nf6 22. c5 Rdc8 23. b4 b5 24. cxb6 Qxb6 25. bxa5 Rxa5 26. Reb1 Qa6 27. Nb3
Rxa3 28. Rxa3 Qxa3 29. Nxc6 Kh8 30. Ra1 Rxc6 31. Qxc6 Qxb3 32. Qc7 Qb4 33. Ra7
Ne4 34. Qxe7 Qe1+ 35. Kg2 Qxf2+ 36. Kh3 Qf1+ 37. Kh4 g5+ 0-1

[Event "SR 1. liga zapad 2013/2014"]
[Site "?"]
[Date "2014.03.22"]
[Round "60.5"]
[White "Sosovicka, Matej"]
[Black "Kvassay, Peter"]
[Result "1-0"]
[WhiteElo "2098"]
[BlackElo "2042"]
[Annotator "rastík"]
[PlyCount "97"]
[EventDate "2013.??.??"]
[WhiteTeam "SK Strelec Devinska Nova Ves"]
[BlackTeam "SKS Povazska Bystrica"]

1. e4 e6 2. d4 c5 3. Nf3 a6 4. c4 cxd4 5. Nxd4 Nc6 6. Nc3 Nf6 7. a3 d6 8. Be3
Be7 9. Be2 O-O 10. O-O Qc7 11. f3 Bd7 12. Rc1 Rad8 13. Qd2 Nxd4 14. Bxd4 Bc6
15. b4 Qb8 16. Bb6 d5 17. Bxd8 Rxd8 18. c5 dxe4 19. Qe3 exf3 20. Bxf3 Qc7 21.
Rcd1 Nd5 22. Nxd5 exd5 23. Rfe1 Bf8 24. Qg5 Qd7 25. Bg4 Qc7 26. Bf3 Qd7 27. Rd2
g6 28. Rde2 d4 29. Bxc6 bxc6 30. Rd1 d3 31. Red2 Qd4+ 32. Kh1 h5 33. Qg3 Re8
34. Rxd3 Qe4 35. h3 Bg7 36. Rd8 Rxd8 37. Rxd8+ Kh7 38. Rd1 Qf5 39. Qf3 Qe6 40.
Qd3 Be5 41. Qe4 Qf6 42. Re1 Bg3 43. Rd1 Kg7 44. Qf3 Qe5 45. Qxc6 g5 46. Qd5 Qf4
47. Qd4+ Kg6 48. Qxf4 gxf4 49. c6 1-0